Fairness and plain language are key (Record no. 82004)

MARC details
000 -LEADER
fixed length control field 01041cab a22002295a 4500
001 - CONTROL NUMBER
control field L148920
008 - FIXED-LENGTH DATA ELEMENTS--GENERAL INFORMATION
fixed length control field 091024s2009 xxk f g 000 0 eng d
035 ## - SYSTEM CONTROL NUMBER
System control number (Sirsi) u148920
041 0# - LANGUAGE CODE
Language code of text/sound track or separate title eng
100 1# - MAIN ENTRY--PERSONAL NAME
Personal name Murdoch, John
245 00 - TITLE STATEMENT
Title Fairness and plain language are key
260 ## - PUBLICATION, DISTRIBUTION, ETC.
Date of publication, distribution, etc. 2009
490 ## - SERIES STATEMENT
Series statement Estates Gazette
Volume/sequential designation (0942) 24 October 2009, 175(1)
520 ## - SUMMARY, ETC.
Summary, etc. Commentary on a court's judgment in the case "Office of Fair Trading v Foxtons Limited" [2009] EHWC 1681 (Ch). Explains that unfair terms of contracts can be removed from consumer contracts and contract terms must be written in plain and intelligible language. Other related records can be found by searching "Office Of Fair Trading v Foxtons Ltd" as a subject in the catalogue.
590 ## - LOCAL NOTE (RLIN)
Local note KA
650 24 - SUBJECT ADDED ENTRY--TOPICAL TERM
Topical term or geographic name entry element OFFICE OF FAIR TRADING V FOXTONS LTD
650 24 - SUBJECT ADDED ENTRY--TOPICAL TERM
Topical term or geographic name entry element UNFAIR TERMS IN CONSUMER CONTRACTS 1999
651 #4 - SUBJECT ADDED ENTRY--GEOGRAPHIC NAME
Geographic name England and Wales
Chronological subdivision 1543-
690 ## - LOCAL SUBJECT ADDED ENTRY--TOPICAL TERM (OCLC, RLIN)
Topical term or geographic name as entry element MANAGEMENT-PROJECT MANAGEMENT-CONTRACT ADMINISTRATION
690 ## - LOCAL SUBJECT ADDED ENTRY--TOPICAL TERM (OCLC, RLIN)
Topical term or geographic name as entry element Landlord and tenant
9 (RLIN) 6252
942 ## - ADDED ENTRY ELEMENTS (KOHA)
Suppress in OPAC 0
Holdings
Withdrawn status Lost status Source of classification or shelving scheme Damaged status Not for loan Home library Current library Shelving location Date acquired Total Checkouts Full call number Barcode Date last seen Copy number Price effective from Koha item type
    Dewey Decimal Classification     London London Journal article 30/11/2009   L148920 148920-1001 06/08/2019 1 06/08/2019 Journal article